<?xml version="1.0" encoding="UTF-8"?>
<record
    xmlns:xsi="http://www.w3.org/2001/XMLSchema-instance"
    xsi:schemaLocation="http://www.loc.gov/MARC21/slim http://www.loc.gov/standards/marcxml/schema/MARC21slim.xsd"
    xmlns="http://www.loc.gov/MARC21/slim">

  <leader>00557nam a22001457a 4500</leader>
  <controlfield tag="005">20250721091736.0</controlfield>
  <controlfield tag="008">250721b        |||||||| |||| 00| 0 eng d</controlfield>
  <datafield tag="050" ind1=" " ind2=" ">
    <subfield code="a">RES. HD 38.5 .N93 2013 </subfield>
    <subfield code="b">C. 1</subfield>
  </datafield>
  <datafield tag="100" ind1=" " ind2=" ">
    <subfield code="a">NYAMBACHA, JOSHUA NYAKAMBA</subfield>
  </datafield>
  <datafield tag="245" ind1=" " ind2=" ">
    <subfield code="a">AN ASSESSMENT OF THE IMPACT OF MATERIAL SUPPLY ORGANIZATIONAL EFFICIENCY</subfield>
    <subfield code="b">A CASE STUDY OF KEBIRIGO TEA FACTORY, GUSII WATER COMPANY AND NYAMIRA DISTRICT PROCUREMENT OFFICES, NYAMIRA COUNTY</subfield>
  </datafield>
  <datafield tag="260" ind1=" " ind2=" ">
    <subfield code="a">KISII</subfield>
    <subfield code="b">KSU</subfield>
    <subfield code="c">2013</subfield>
  </datafield>
  <datafield tag="300" ind1=" " ind2=" ">
    <subfield code="a">XI, 31P.,ILL;</subfield>
  </datafield>
  <datafield tag="500" ind1=" " ind2=" ">
    <subfield code="a">INCLUDES REFERENCES</subfield>
  </datafield>
  <datafield tag="942" ind1=" " ind2=" ">
    <subfield code="2">lcc</subfield>
    <subfield code="c">REF</subfield>
  </datafield>
  <datafield tag="999" ind1=" " ind2=" ">
    <subfield code="c">215941</subfield>
    <subfield code="d">215941</subfield>
  </datafield>
  <datafield tag="952" ind1=" " ind2=" ">
    <subfield code="0">0</subfield>
    <subfield code="1">0</subfield>
    <subfield code="2">lcc</subfield>
    <subfield code="4">0</subfield>
    <subfield code="6">RES H D  00038.00005 .N00093 02013</subfield>
    <subfield code="7">0</subfield>
    <subfield code="8">SC</subfield>
    <subfield code="9">372616</subfield>
    <subfield code="a">KSUL</subfield>
    <subfield code="b">KSUL</subfield>
    <subfield code="c">DISPLAY</subfield>
    <subfield code="d">2025-07-21</subfield>
    <subfield code="i">95296</subfield>
    <subfield code="l">0</subfield>
    <subfield code="o">RES HD 38.5 .N93 2013</subfield>
    <subfield code="p">005222</subfield>
    <subfield code="r">2025-07-21 09:26:02</subfield>
    <subfield code="t">C.1</subfield>
    <subfield code="w">2025-07-21</subfield>
    <subfield code="y">REF</subfield>
  </datafield>
</record>
